Science and the sons of genius : studies on Humphry Davy /

Bibliographic Details
Other Authors: Davy, Humphry, Sir, 1778-1829, Forgan, Sophie
Format: Book
Language:English
Published: London, England : Science Reviews Ltd., 1980.
Subjects:

MARC

Tag First Indicator Second Indicator Subfields
LEADER 00000cam a2200000 a 4500
001 in00000075856
005 20151008054902.0
008 810727s1980 enk b 11100 eng d
020 |a 0905927559 
035 |a (OCoLC)07616285 
035 |9 AAJ1959AM 
040 |a HLS  |c HLS  |d TXA  |d UtOrBLW 
049 |a TXAM  |c [1804185] 
090 |a QD22.D3  |b S24 
245 0 0 |a Science and the sons of genius :  |b studies on Humphry Davy /  |c edited by Sophie Forgan. 
264 1 |a London, England :  |b Science Reviews Ltd.,  |c 1980. 
300 |a xii, 247 pages ;  |c 21 cm. 
336 |a text  |b txt  |2 rdacontent 
337 |a unmediated  |b n  |2 rdamedia 
338 |a volume  |b nc  |2 rdacarrier 
500 |a "Papers presented at the Royal Institution, London, at the Davy Bicentennial Symposium"--Verso of title page. 
504 |a Includes bibliographical references and index. 
600 1 0 |a Davy, Humphry,  |c Sir,  |d 1778-1829  |x Congresses. 
700 1 |a Davy, Humphry,  |c Sir,  |d 1778-1829. 
700 1 |a Forgan, Sophie. 
999 |a MARS 
999 f f |s 57172233-e994-393c-9c38-8f476e031c71  |i eaf3b38d-cbea-39a1-949c-bdbc96f11282  |t 0 
952 f f |p normal  |a Texas A&M University  |b College Station  |c Sterling C. Evans Library  |d Evans: Library Stacks  |t 0  |e QD22.D3 S24  |h Library of Congress classification  |i unmediated -- volume  |m A14806210383 
998 f f |a QD22.D3 S24  |t 0  |l Evans: Library Stacks